01198cam a22003854i 4500003000900000005001700009008004100026020001800067020001500085035002000100040003300120082001900153100004200172245008900214264005200303300003900355336002100394337002500415338002300440490003000463504004000493505014000533526001000673526001000683526001000693526001000703526000800713526000800721526000800729526000800737526000800745526000800753526000800761650004300769PE-LiUPU20250731173110.0181213s2018 miu rb 000 0 eng d a9780825444593 a0825444594 a(Sirsi) a251057 aPE-LiUPUbspacPE-LiUPUerda04a224.9bS472201 aShepherd, Michael B.,d1977-,eautor.12aA commentary on the book of the twelve :bthe minor prophets /cMichael B. Shepherd. 1aGrand Rapids. MI :bKregel Publications,c2018. a523 páginas ;c24 centímetros. atext2rdacontent aunmediated2rdamedia avolume2rdacarrier0 aKregel exegetical library aBibliografía : páginas 513-523.0 aIntroduction -- Hosea -- Joel -- Amos -- Obadiah -- Jonah -- Micah -- Nahum -- Habakkuk -- Zephaniah -- Haggai -- Zechariah -- Malachi. aSEG42 aSEG41 aSEG40 aSEG39 aP94 aP87 aP86 aP85 aP77 aP76 aP3504aBiblia.pProfetas menoresvComentarios